Países de acordo com as capitais - Statistics

Estatísticas Gerais
  • Esse quiz foi jogado 238 vezes
  • A pontuação média é 13 de 15
Estatísticas das Respostas
Hint Resposta % Correto
Tóquio Japão
100%
Brasília Brasil
99%
Ottawa Canadá
96%
Camberra Austrália
93%
Abu Dhabi Emirados Árabes Unidos
92%
Bangkok Tailândia
88%
Wellington Nova Zelândia
87%
Doha Catar
86%
Jacarta Indonésia
83%
Minsk Bielorrussia
82%
Ancara Turquia
80%
Tirana Albânia
75%
Georgetown Guiana
73%
Podgorica Montenegro
62%
Chisinau Moldávia
59%
Nenhum quiz correspondente encontrado
Distribuição das Pontuações
Porcentagem de Pessoas com Cada Pontuação
Percentil de Números Respondidos
Sua Pontuação Histórica
Você não jogou esse quiz